| 000 | 01078nac a22002771u 4500 | ||
|---|---|---|---|
| 010 | _a 2002277339 | ||
| 020 | _a0761969055 | ||
| 020 | _a0761969063 (PBK.) | ||
| 035 | _a(OCoLC)ocm46649992 | ||
| 082 | 0 | 0 |
_a331.702 _bGOT |
| 090 |
_c6876 _d6876 |
||
| 100 | _a20080729 | ||
| 245 | 0 | 0 |
_aCareers guidance in context / _cBill Gothard ... [et al.] |
| 260 |
_aLondon; _aThousand Oaks, Calif. : _bSAGE,2001 _c2001. |
||
| 300 |
_a154 p. : _bill. ; _c22 cm. |
||
| 500 | _adistributer: Al-Ahram | ||
| 504 | _aIncludes bibliographical references ([p. 139]-150) and index. | ||
| 511 | _acatalogue by: wessam | ||
| 650 | 0 | _aVocational guidance. | |
| 650 | 0 | _aOccupations. | |
| 700 | 1 | _aGothard, W. P. | |
| 856 | 4 | 2 |
_3Publisher description _uhttp://www.loc.gov/catdir/enhancements/fy0657/2002277339-d.html |
| 856 | 4 | 2 |
_3Table of contents only _uhttp://www.loc.gov/catdir/enhancements/fy0657/2002277339-t.html |
| 942 |
_cBB _k331.702GOT |
||
| 999 |
_c6876 _d6876 |
||